000 00468nam a22001937a 4500
003 MPLRDC
005 20220104160645.0
008 210129b ||||| |||| 00| 0 eng d
020 _a7-5417-0977-8
082 _a859.6 BL-2
100 _a包蕾主编
245 _a儿童素质大观圆
_c
250 _a一版一刷
260 _a中国
_b未来出版社
_c1998
300 _b
490 _a卫生保健
650 _a儿童知识
942 _cBK
_o859.6 BL-2
999 _c55100
_d55090